Statistics for Minesweeper Original - Playable Game! #1

Click here to take the quiz!

General Stats

  • This quiz has been taken 80 times
  • The average score is 56 of 72

Answer Stats

Cell % Correct
B4GO
90%
A4GO
90%
C4GO
90%
A1GO
89%
D4GO
89%
D3GO
89%
D2GO
89%
C3GO
89%
A2GO
89%
C1GO
89%
C2GO
89%
B3GO
89%
B2GO
89%
B1GO
89%
A3GO
89%
D6GO
84%
J8GO
82%
E8GO
82%
F5GO
82%
F6GO
82%
F7GO
82%
F8GO
82%
J9GO
82%
G5GO
82%
F9GO
82%
H7GO
82%
G6GO
82%
G7GO
82%
G8GO
82%
H9GO
82%
H8GO
82%
G9GO
82%
H5GO
82%
H6GO
82%
E7GO
82%
E6GO
82%
E5GO
82%
C8GO
82%
A7GO
82%
A8GO
82%
A9GO
82%
B6GO
82%
B7GO
82%
B8GO
82%
C6GO
82%
C7GO
82%
B9GO
82%
D9GO
82%
C9GO
82%
D7GO
82%
D8GO
82%
E2GO
72%
J4GO
72%
E1GO
70%
J6GO
69%
H4GO
67%
J5GO
66%
A5GO
64%
G1GO
62%
G2GO
62%
H2GO
62%
E3GO
62%
C5GO
62%
FAIL
62%
J1GO
61%
J2GO
61%
H1GO
61%
F4GO
54%
F3GO
51%
G3GO
49%
F1GO
48%
J3GO
48%

Score Distribution

Percentile by Number Answered

Percent of People with Each Score

Your Score History

You have not taken this quiz